|
|
|
|
| LEADER |
00000nam2a2200000 4500 |
| 001 |
203799 |
| 005 |
20231031185919.0 |
| 035 |
|
|
|a (RuTPU)RU\TPU\book\222097
|
| 035 |
|
|
|a RU\TPU\book\222072
|
| 090 |
|
|
|a 203799
|
| 100 |
|
|
|a 20111111d1964 k y0rusy50 ca
|
| 101 |
0 |
|
|a rus
|
| 102 |
|
|
|a RU
|
| 105 |
|
|
|a a z 000zy
|
| 200 |
0 |
|
|a Т. 126
|
| 210 |
|
|
|d 1964
|c Изд-во Томского ун-та
|
| 215 |
|
|
|a 124 с.
|c рис., граф., табл., схемы
|
| 461 |
|
1 |
|0 (RuTPU)RU\TPU\book\200995
|t Известия Томского политехнического института [Известия ТПИ]
|f Томский политехнический институт (ТПИ)
|v Т. 126
|d 1944-1976
|
| 601 |
0 |
2 |
|a Томский политехнический институт (ТПИ)
|c (1944-1991)
|2 stltpush
|3 (RuTPU)RU\TPU\col\1123
|
| 610 |
1 |
|
|a научные исследования
|
| 610 |
1 |
|
|a металлургическая промышленность
|
| 610 |
1 |
|
|a химическая промышленность
|
| 610 |
1 |
|
|a Томская область
|
| 610 |
1 |
|
|a перспективы
|
| 610 |
1 |
|
|a торф
|
| 610 |
1 |
|
|a топливоплавильные материалы
|
| 610 |
1 |
|
|a полукоксование
|
| 610 |
1 |
|
|a железные руды
|
| 610 |
1 |
|
|a флюсы
|
| 610 |
1 |
|
|a добавки
|
| 610 |
1 |
|
|a влияние
|
| 610 |
1 |
|
|a газовый уголь
|
| 610 |
1 |
|
|a термическая переработка
|
| 610 |
1 |
|
|a температура
|
| 610 |
1 |
|
|a низшие фенолы
|
| 610 |
1 |
|
|a состав
|
| 610 |
1 |
|
|a выход
|
| 610 |
1 |
|
|a клешневидные полимеры
|
| 610 |
1 |
|
|a внутрикомплексные кремнеорганические соединения
|
| 610 |
1 |
|
|a фенолформальдегидные смолы
|
| 610 |
1 |
|
|a пластификация
|
| 610 |
1 |
|
|a гидролизный лигнин
|
| 610 |
1 |
|
|a замещенные амиды
|
| 610 |
1 |
|
|a дифеновая кислота
|
| 610 |
1 |
|
|a моноариловые эфиры
|
| 610 |
1 |
|
|a карбазолы
|
| 610 |
1 |
|
|a производные
|
| 610 |
1 |
|
|a титаноциркониевый концентрат
|
| 610 |
1 |
|
|a хлорирование
|
| 610 |
1 |
|
|a генераторный газ
|
| 610 |
1 |
|
|a автоматические газоанализаторы
|
| 610 |
1 |
|
|a концентрация
|
| 610 |
1 |
|
|a высокочастотное определение
|
| 610 |
1 |
|
|a приборы
|
| 610 |
1 |
|
|a термисторы
|
| 610 |
1 |
|
|a органические соединения
|
| 610 |
1 |
|
|a азот
|
| 610 |
1 |
|
|a газы
|
| 610 |
1 |
|
|a электроочистка
|
| 610 |
1 |
|
|a барда
|
| 610 |
1 |
|
|a обеззоливание
|
| 610 |
1 |
|
|a азотная кислота
|
| 610 |
1 |
|
|a ароматические соединения
|
| 610 |
1 |
|
|a нитрирование
|
| 610 |
1 |
|
|a фильтровальные установки
|
| 610 |
1 |
|
|a труды учёных ТПУ
|
| 675 |
|
|
|a 62
|v 3
|
| 801 |
|
1 |
|a RU
|b 63413507
|c 20090209
|g PSBO
|
| 801 |
|
2 |
|a RU
|b 63413507
|c 20210930
|g PSBO
|
| 942 |
|
|
|c BK
|